The andean countries by Satellite

Enregistré dans:
Détails bibliographiques
Auteurs principaux: Villegas, Benjamin (Auteur), García, L. Enrique (Auteur), Wilches Chaux, Gustavo (Auteur), Bernard, Olivier (Auteur)
Collectivités auteurs: Corporación Andina de Fomento (Auteur), CAF (Auteur)
Format: Livre
Langue:anglais
Publié: Bogotá Villegas Editores 1995
Édition:1a. ed
Sujets:
Tags: Ajouter un tag
Pas de tags, Soyez le premier à ajouter un tag!

MARC

LEADER 00000nam a2200000 a 4500
001 UCJ8816
003 CL-VaPUC
008 070124e19950000ck |||||||||||||||||eng|d
020 |a 9589393020 
082 0 4 |a 912.198  |b VIL  |2 21 
100 0 |a Villegas, Benjamin  |e author  |9 518115 
700 |a García, L. Enrique  |e author  |9 518116 
700 0 |a Wilches Chaux, Gustavo  |e author  |9 518117 
700 0 |a Bernard, Olivier  |e author  |9 518118 
110 2 |a Corporación Andina de Fomento  |e author  |9 518119 
710 2 |a CAF  |e author  |9 518120 
245 1 4 |a The andean countries by Satellite 
250 |a 1a. ed 
300 |a 237 p 
942 |c BK 
945 |d 20070124 00:00:00  |a fvergara 
260 |a Bogotá  |b Villegas Editores  |c 1995 
500 |a Edición de lujo realizada con ocasión del vigésimo quinto aniversario de la CAF. Destaca por su belleza artística y su calidad tecnológica. Donado a la biblioteca en octubre de 2004 
500 |a Contiene más de 230 imágenes satelitales. Incluye un Índice iconográfico, leyenda y bibliografía técnica 
650 0 |a Cartografía   |9 266055 
650 7 |a FOTOGRAFIA SATELITAL  |2 CL-VaPUC  |9 518121 
650 0 |a Mapas  |9 260844 
650 0 |a Geografía física   |9 259347 
651 0 |a América del Sur  |9 260128 
583 |a last modification  |c 20180611 01:19:18  |k Rodrigo Vera 
999 |c 324465  |d 324463 
952 |0 0  |1 0  |4 0  |6 912_198000000000000_VIL_1995  |7 0  |8 X  |9 404664  |a FDOBUD  |b FDOBUD  |d 2019-11-22  |i 1084321  |o 912.198 VIL 1995  |p 1084321  |r 2019-11-22  |w 2019-11-22  |y BK_X  |k BUD